| 000 | 00638nam a2200205 i 4500 | ||
|---|---|---|---|
| 001 | 104078 | ||
| 003 | ES-MaACL | ||
| 005 | 20250809034606.0 | ||
| 007 | t| | ||
| 008 | 051122s1955 sp ||||1| spa d | ||
| 100 | 1 |
_aMezger, Edmund. _980828 |
|
| 245 | 1 | 0 |
_aTratado de Derecho Penal / _cEdmundo Mezger. |
| 250 |
_aNueva ed. rev. y puesta al día _bpor José Arturo Rodríguez Muñoz. |
||
| 260 |
_aMadrid : _bRevista de Derecho Privado, _c1955. |
||
| 300 |
_a1 v. ; _c23 cm. |
||
| 650 | 0 | 7 |
_aDerecho penal _2embne _911749 |
| 700 | 1 |
_aRodríguez Muñoz, José Arturo. _998694 |
|
| 852 |
_aES-MaACL _jP-959 |
||
| 999 |
_c104078 _d104078 |
||